00487nam a22001457a 4500003000500000038001800005082000800023100001900031245010300050264003400153300002500187650003600212700003500248856005800283NUST aNusrat Nadeem a200 aMehmood, Tariq aPakistan's Foreign Policy Objectives for Troops Contribution to Peace Operations/cTariq Mehmood,  aIslamabad;bCIPS NUST;c2022. a192,p;bill;c30,cm. aPhD-Peace and Conflict Studies  aSupervisor: Dr. Tughral Yamin  u http://10.250.8.41:8080/xmlui/handle/123456789/34810